[Event "XV Festival A"]
[Site "Padova ITA"]
[Date "2012.12.16"]
[Round "1"]
[White "Baschirotto, Marco"]
[Black "Rossi, Carlo"]
[WhiteElo "1888"]
[BlackElo "2286"]
[Result "0-1"]
[PlyCount "47"]
[EventDate "2012.12.16"]

1. d4 Nc6 2. Nf3 d6 3. c4 g6 4. g3 Bg7 5. Bg2 Bg4 6. h3 Bxf3 7. Bxf3 Nxd4 8.
Bxb7 c5 9. e3 Rb8 10. Bg2 Ne6 11. Qa4+ Kf8 12. Nc3 Rb4 13. Qxa7 Rxc4 14. O-O
Nf6 15. Nd5 Nxd5 16. Bxd5 Rb4 17. a3 Rb8 18. Rb1 Nc7 19. Ba2 Nb5 20. Qa4 Bf6
21. Qc4 e6 22. a4 Nc7 23. b4 cxb4 24. Rxb4 {...} 0-1

[Event "XV Festival A"]
[Site "Padova ITA"]
[Date "2012.12.16"]
[Round "1"]
[White "Bozzao, Francesco"]
[Black "De Santis, Alessio"]
[WhiteElo "1857"]
[BlackElo "2281"]
[Result "0-1"]
[PlyCount "63"]
[EventDate "2012.12.16"]

1. d4 Nf6 2. Nf3 b6 3. g3 Bb7 4. Bg2 c5 5. c4 cxd4 6. Qxd4 Nc6 7. Qd1 g6 8. b3
a5 9. Bb2 a4 10. Nbd2 Bg7 11. O-O O-O 12. Qc2 Qb8 13. Rfd1 d6 14. Bc3 Rc8 15.
Qd3 Ra7 16. Nf1 Na5 17. N3d2 d5 18. Ne3 dxc4 19. Nexc4 Bxg2 20. Kxg2 Nxc4 21.
bxc4 Rd7 22. Qf3 Rcd8 23. Rab1 Qc7 24. a3 Ne4 25. Nxe4 Rxd1 26. Rxd1 Rxd1 27.
Ng5 Qxc4 28. Qa8+ Bf8 29. Bb4 Qd5+ 30. Qxd5 Rxd5 31. Ne4 Bg7 32. f3 0-1

[Event "XV Festival A"]
[Site "Padova ITA"]
[Date "2012.12.16"]
[Round "1"]
[White "Buchicchio, Alessandro"]
[Black "Valsecchi, Alessio"]
[WhiteElo "1956"]
[BlackElo "2422"]
[Result "0-1"]
[PlyCount "64"]
[EventDate "2012.12.16"]

1. d4 Nf6 2. c4 c5 3. d5 e6 4. Nc3 exd5 5. cxd5 d6 6. g3 g6 7. Bg2 Bg7 8. Nf3
O-O 9. O-O a6 10. a4 Re8 11. Re1 Ne4 12. Nxe4 Rxe4 13. Nd2 Rb4 14. Ra2 b5 15.
b3 bxa4 16. Rxa4 a5 17. Ba3 Rxa4 18. bxa4 Nd7 19. Qc2 Nb6 20. Nc4 Nxc4 21. Qxc4
Ba6 22. Qc2 Rb8 23. Bc1 c4 24. Qd1 Qe7 25. e4 c3 26. e5 Bxe5 27. Bf4 f6 28.
Bxe5 fxe5 29. f4 Qa7+ 30. Kh1 Qf2 31. Rg1 c2 32. Qg4 Qxg1+ 0-1

[Event "XV Festival A"]
[Site "Padova ITA"]
[Date "2012.12.16"]
[Round "1"]
[White "Cardili, Mariano"]
[Black "Dvirnyy, Danyyil"]
[WhiteElo "2126"]
[BlackElo "2537"]
[Result "0-1"]
[PlyCount "48"]
[EventDate "2012.12.16"]

1. d4 Nf6 2. c4 e6 3. Nc3 d5 4. cxd5 Nxd5 5. e4 Nxc3 6. bxc3 c5 7. Nf3 cxd4 8.
cxd4 Bb4+ 9. Bd2 Bxd2+ 10. Qxd2 O-O 11. Bc4 b6 12. O-O Bb7 13. Qf4 Nd7 14. Rfd1
Rc8 15. Bb3 Qf6 16. Qe3 Qe7 17. Nd2 Qb4 18. Rac1 a5 19. a4 Rxc1 20. Rxc1 Rc8
21. Rxc8+ Bxc8 22. Qd3 Ba6 23. Qxa6 Qxd2 24. h3 Qxd4 0-1

[Event "XV Festival A"]
[Site "Padova ITA"]
[Date "2012.12.16"]
[Round "1"]
[White "Collutiis, Duilio"]
[Black "Tsalughelashvili, Lile"]
[WhiteElo "2495"]
[BlackElo "2085"]
[Result "0-1"]
[PlyCount "118"]
[EventDate "2012.12.16"]

1. g3 g6 2. Bg2 Bg7 3. e4 d6 4. d4 Nf6 5. Ne2 O-O 6. O-O c5 7. c3 Nc6 8. h3 e5
9. dxc5 dxc5 10. Qc2 b6 11. Rd1 Qc7 12. Bg5 Ba6 13. a4 h6 14. Bxf6 Bxf6 15. Na3
Na5 16. Bf1 Rad8 17. Nb5 Bxb5 18. axb5 c4 19. h4 Nb3 20. Rxd8 Rxd8 21. Rd1 Rxd1
22. Qxd1 Nc5 23. Nc1 Nb7 24. Na2 Nd6 25. Nb4 Kg7 26. Qf3 Qc5 27. Nd5 Bd8 28. h5
Qxb5 29. hxg6 fxg6 30. Qg4 Qe8 31. Ne3 Qf7 32. Nf5+ Nxf5 33. exf5 Qxf5 34. Qxc4
Be7 35. Qc7 Kf6 36. b4 Qf3 37. Bg2 Qd1+ 38. Kh2 Qh5+ 39. Kg1 Qd1+ 40. Bf1 Qf3
41. Qc4 h5 42. Bh3 Qd1+ 43. Kh2 Qd6 44. Qa6 Qd2 45. Qxa7 Qxf2+ 46. Bg2 h4 47.
gxh4 e4 48. Qc7 Qxh4+ 49. Bh3 Qf2+ 50. Bg2 e3 51. Qxb6+ Kf7 52. Qa7 Qh4+ 53.
Kg1 Qf2+ 54. Kh2 Ke6 55. Qa6+ Bd6+ 56. Kh1 Qh4+ 57. Kg1 Qf2+ 58. Kh1 e2 59.
Qc4+ Kf6 0-1

[Event "XV Festival A"]
[Site "Padova ITA"]
[Date "2012.12.16"]
[Round "1"]
[White "Damia, Angelo"]
[Black "Viola, Enrico"]
[WhiteElo "2281"]
[BlackElo "1865"]
[Result "1-0"]
[PlyCount "43"]
[EventDate "2012.12.16"]

1. e4 c5 2. d4 cxd4 3. c3 dxc3 4. Nxc3 Nc6 5. Nf3 g6 6. Bc4 Bg7 7. e5 Qa5 8.
O-O Nxe5 9. Nxe5 Bxe5 10. Re1 Bxc3 11. bxc3 Qxc3 12. Qe2 Qg7 13. Ba3 e6 14.
Rac1 Ne7 15. Qd2 f6 16. Qd6 Nf5 17. Qc7 Ne7 18. Rxe6 dxe6 19. Bb5+ Kf8 20. Qd8+
Kf7 21. Qxe7+ Kg8 22. Qe8+ 1-0

[Event "XV Festival A"]
[Site "Padova ITA"]
[Date "2012.12.16"]
[Round "1"]
[White "Del Monaco, Andrea"]
[Black "Battagin, Mose'"]
[WhiteElo "2247"]
[BlackElo "1816"]
[Result "1-0"]
[PlyCount "63"]
[EventDate "2012.12.16"]

1. Nf3 g6 2. c4 Bg7 3. d4 d6 4. Nc3 Nf6 5. Bf4 O-O 6. e3 Nbd7 7. h3 c5 8. Be2
b6 9. d5 Ne8 10. O-O f5 11. h4 Ne5 12. Qd2 Nxf3+ 13. Bxf3 Bd7 14. h5 gxh5 15.
Bxh5 Nf6 16. Be2 a6 17. a4 Qe8 18. g3 Rb8 19. Kg2 Qf7 20. Rh1 Rb7 21. Rh4 Rfb8
22. Rah1 b5 23. axb5 axb5 24. cxb5 Ne4 25. Nxe4 fxe4 26. Rxh7 Bxb5 27. Bg4 Bd7
28. Qd1 Bf5 29. R7h5 Bxg4 30. Qxg4 Qf6 31. Rh6 Qf7 32. Rh8# 1-0

[Event "XV Festival A"]
[Site "Padova ITA"]
[Date "2012.12.16"]
[Round "1"]
[White "Dorigo, Tommaso"]
[Black "Sibilio, Mario"]
[WhiteElo "1899"]
[BlackElo "2349"]
[Result "1/2-1/2"]
[PlyCount "79"]
[EventDate "2012.12.16"]

1. e4 c5 2. c3 d5 3. exd5 Nf6 4. d4 cxd4 5. Nf3 Nxd5 6. Qxd4 e6 7. Bc4 Nc6 8.
Qe4 Be7 9. O-O O-O 10. Rd1 Nf6 11. Rxd8 Nxe4 12. Rxf8+ Kxf8 13. Nbd2 Nf6 14.
Nb3 Bd7 15. Be3 Ng4 16. Bc5 Rc8 17. Re1 Be8 18. h3 Nf6 19. Bb5 Bxc5 20. Nxc5 b6
21. Ne4 Nxe4 22. Rxe4 Na5 23. Ba6 Rd8 24. Rd4 Nc6 25. Rxd8 Nxd8 26. Nd4 Nc6 27.
Nxc6 Bxc6 28. f4 Ke7 29. Bd3 h6 30. Kf2 Kd6 31. g3 f6 32. Ke3 e5 33. h4 Be8 34.
a3 g5 35. fxg5 fxg5 36. hxg5 hxg5 37. Bc2 Bf7 38. b4 Bc4 39. Ke4 Bg8 40. Ke3
1/2-1/2

[Event "XV Festival A"]
[Site "Padova ITA"]
[Date "2012.12.16"]
[Round "1"]
[White "Gallo, Enrico"]
[Black "Mogranzini, Roberto"]
[WhiteElo "2074"]
[BlackElo "2489"]
[Result "0-1"]
[PlyCount "150"]
[EventDate "2012.12.16"]

1. e4 c5 2. Nf3 e6 3. d4 cxd4 4. Nxd4 a6 5. Nc3 Qc7 6. g3 Bb4 7. Nde2 Nf6 8.
Bg2 Nc6 9. O-O Be7 10. a4 d6 11. b3 b6 12. Ba3 Bb7 13. Qd2 O-O 14. Nf4 Rac8 15.
Rad1 Ne5 16. Bb2 b5 17. axb5 axb5 18. Rfe1 b4 19. Na4 Qa5 20. Bd4 Nfd7 21. Ra1
Qb5 22. c4 bxc3 23. Nxc3 Qc6 24. Rac1 Nc5 25. Qd1 Bg5 26. Na4 Bxf4 27. gxf4
Ned3 28. Qg4 g6 29. Nxc5 dxc5 30. Bf6 Qd6 31. e5 Qd4 32. Qh4 Bxg2 33. Rc4 Qxf2+
34. Qxf2 Nxf2 35. Kxf2 Bd5 36. Rc3 Rc7 37. Rec1 Rfc8 38. Ke3 Kf8 39. Kd3 Bxb3
40. Kd2 c4 41. Ke3 Ke8 42. h4 h5 43. Ra1 Kd7 44. Kd4 Kc6 45. Ra6+ Kb5 46. Rd6
Ra8 47. Bd8 Rb7 48. Rc1 Ra2 49. Ke3 Kc5 50. Bg5 Bc2 51. Rd2 Ra3+ 52. Kf2 Bd3
53. Ke3 Bf5+ 54. Kf2 c3 55. Rd8 c2 56. Bh6 Kc4 57. Bf8 Ra5 58. Rc8+ Kb3 59. Bc5
Kb2 60. Re1 Ra4 61. Be3 Rbb4 62. Bc1+ Ka2 63. Kg3 Rb3+ 64. Kg2 Rb1 65. Kf2 Rxc1
66. Rxc1 Kb2 67. Re1 Rxf4+ 68. Kg3 Rg4+ 69. Kf2 Rf4+ 70. Kg3 Re4 71. Rb8+ Kc3
72. Rc8+ Kd2 73. Rxe4 Bxe4 74. Kf4 Bf5 75. Rd8+ Bd3 0-1

[Event "XV Festival A"]
[Site "Padova ITA"]
[Date "2012.12.16"]
[Round "1"]
[White "Kasparov, Sergey"]
[Black "Buchicchio, Giancarlo"]
[WhiteElo "2475"]
[BlackElo "2069"]
[Result "1-0"]
[PlyCount "45"]
[EventDate "2012.12.16"]

1. e4 c5 2. Nf3 e6 3. d4 cxd4 4. Nxd4 a6 5. Bd3 b5 6. O-O Bc5 7. Be3 Qb6 8. c3
Nc6 9. Bc2 Nge7 10. Nd2 e5 11. N2b3 exd4 12. cxd4 Bd6 13. e5 Bb4 14. d5 Qc7 15.
dxc6 Nxc6 16. f4 g6 17. Rc1 Bb7 18. Be4 O-O 19. Bc5 Bxc5+ 20. Nxc5 Rad8 21. Qd6
Qxd6 22. exd6 Ba8 23. Rfd1 1-0

[Event "XV Festival A"]
[Site "Padova ITA"]
[Date "2012.12.16"]
[Round "1"]
[White "Kassel, Walter"]
[Black "Mrdja, Milan"]
[WhiteElo "1912"]
[BlackElo "2387"]
[Result "0-1"]
[PlyCount "30"]
[EventDate "2012.12.16"]

1. c4 e5 2. Nc3 Nc6 3. g3 Nf6 4. Bg2 Bb4 5. a3 Bxc3 6. bxc3 O-O 7. Nf3 Re8 8.
Qc2 e4 9. Ng5 d5 10. cxd5 Qxd5 11. d3 Bf5 12. O-O h6 13. dxe4 Nxe4 14. Rd1 Nxg5
15. e4 Bxe4 0-1

[Event "XV Festival A"]
[Site "Padova ITA"]
[Date "2012.12.16"]
[Round "1"]
[White "Laketic, Gojko"]
[Black "Giuriato, Sergio"]
[WhiteElo "2425"]
[BlackElo "1959"]
[Result "1-0"]
[PlyCount "87"]
[EventDate "2012.12.16"]

1. d4 Nf6 2. c4 e6 3. Nf3 d5 4. Nc3 Be7 5. Bg5 O-O 6. e3 Nbd7 7. Qc2 c5 8. cxd5
exd5 9. dxc5 Nxc5 10. Rd1 Qa5 11. Qd2 Be6 12. Bxf6 Bxf6 13. Nxd5 Qxd2+ 14. Rxd2
Bxd5 15. Rxd5 Rac8 16. b3 Bc3+ 17. Ke2 Rfd8 18. Rxd8+ Rxd8 19. g3 Nd3 20. Bg2
Bb2 21. Nd4 Nc1+ 22. Kd2 Nxa2 23. Bxb7 a5 24. Kc2 Bc3 25. Rd1 Bb4 26. Kb2 Nc3
27. Rc1 Rb8 28. Bc6 a4 29. bxa4 Ba5+ 30. Kc2 Na2 31. Ra1 Nb4+ 32. Kd1 Rd8 33.
Bb5 g6 34. Ke2 Rc8 35. Rd1 Kg7 36. Nb3 Rc2+ 37. Rd2 Bb6 38. a5 Ba7 39. Rxc2
Nxc2 40. Kd3 Nb4+ 41. Kc3 Nd5+ 42. Kc4 Nc7 43. Nd4 Bxd4 44. exd4 1-0

[Event "XV Festival A"]
[Site "Padova ITA"]
[Date "2012.12.16"]
[Round "1"]
[White "Litrico, Paolo"]
[Black "Manca, Federico"]
[WhiteElo "1978"]
[BlackElo "2433"]
[Result "0-1"]
[PlyCount "72"]
[EventDate "2012.12.16"]

1. d4 Nf6 2. Nf3 e6 3. Bf4 c5 4. e3 Qb6 5. Nc3 Nc6 6. Nb5 Nd5 7. Bg3 a6 8. e4
axb5 9. exd5 Nxd4 10. Nxd4 cxd4 11. a3 Qa5+ 12. Qd2 Bb4 13. Qxb4 Qxb4+ 14. axb4
Rxa1+ 15. Kd2 O-O 16. Be5 exd5 17. Bxd4 Re8 18. b3 Rb1 19. Be3 d4 20. Bxd4 Ree1
21. h4 d6 22. h5 Rxf1 23. Rh4 h6 24. Be3 Be6 25. Rf4 Rh1 26. g4 Rhg1 27. f3
Rg2+ 28. Kc3 Re1 29. Kd3 Rxe3+ 30. Kxe3 Rxc2 31. Rd4 Rc3+ 32. Kd2 Rxb3 33. Rxd6
Rxf3 34. Rd4 Rg3 35. Rd8+ Kh7 36. Rb8 Rxg4 0-1

[Event "XV Festival A"]
[Site "Padova ITA"]
[Date "2012.12.16"]
[Round "1"]
[White "Parrella, Alfredo"]
[Black "Naumkin, Igor"]
[WhiteElo "2086"]
[BlackElo "2500"]
[Result "0-1"]
[PlyCount "80"]
[EventDate "2012.12.16"]

1. d4 Nf6 2. c4 e6 3. Nc3 Bb4 4. Qc2 O-O 5. a3 Bxc3+ 6. Qxc3 d6 7. g3 e5 8.
dxe5 dxe5 9. Bg2 Nc6 10. Bg5 h6 11. Rd1 Nd4 12. Bxf6 Qxf6 13. Nf3 c5 14. Rd2
Bg4 15. Nxd4 exd4 16. Qc2 Rad8 17. Qd3 Rfe8 18. O-O b6 19. Re1 Rd7 20. b4 Rde7
21. h3 Bh5 22. Rb2 Re5 23. bxc5 bxc5 24. Bd5 Bg6 25. Qd2 Be4 26. Bxe4 Rxe4 27.
Qd3 Qg6 28. Kg2 h5 29. f3 Rxe2+ 30. Qxe2 Rxe2+ 31. Rexe2 h4 32. g4 Qd6 33. Kf1
Qf4 34. Rf2 d3 35. Rbd2 Qxc4 36. f4 Qe4 37. Kg1 c4 38. Rd1 c3 39. Rdf1 d2 40.
Kh2 Qd4 0-1

[Event "XV Festival A"]
[Site "Padova ITA"]
[Date "2012.12.16"]
[Round "1"]
[White "Petkov, Vladimir"]
[Black "Massironi, Marco"]
[WhiteElo "2567"]
[BlackElo "2214"]
[Result "1-0"]
[PlyCount "113"]
[EventDate "2012.12.16"]

1. d4 Nf6 2. c4 g6 3. g3 c6 4. Bg2 d5 5. cxd5 cxd5 6. Nc3 Bg7 7. Nh3 Nc6 8. Nf4
O-O 9. O-O Re8 10. e3 e6 11. Bd2 Bd7 12. Nd3 Rc8 13. b4 b6 14. Qb3 Ne7 15. Rfc1
Nf5 16. Ne5 Nd6 17. a4 Qe7 18. Bf1 Nfe4 19. Nxe4 Nxe4 20. Be1 Rxc1 21. Rxc1 Rc8
22. Rxc8+ Bxc8 23. Qc2 Bb7 24. a5 bxa5 25. bxa5 Bxe5 26. dxe5 Qc5 27. Qxc5 Nxc5
28. Bb4 Nd7 29. f4 a6 30. Bd6 Bc8 31. Kf2 Kg7 32. g4 Bb7 33. Ke2 Bc6 34. Kd2
Bb7 35. Kc3 Kg8 36. Kd4 Kg7 37. Bd3 Kg8 38. Bc2 Bc6 39. Bd3 Bb7 40. h4 Kg7 41.
h5 Bc8 42. e4 dxe4 43. Bxe4 gxh5 44. gxh5 Kh6 45. Bf3 Kg7 46. Be7 h6 47. Be4
Kg8 48. Bb4 f6 49. exf6 Nxf6 50. Bf3 Nd7 51. Bd6 Kg7 52. Be5+ Kf7 53. Be2 Bb7
54. Bc4 Ke7 55. Bg7 Kd6 56. Be2 Nb8 57. Be5+ 1-0

[Event "XV Festival A"]
[Site "Padova ITA"]
[Date "2012.12.16"]
[Round "1"]
[White "Quaranta, Cristiano"]
[Black "Vocaturo, Daniele"]
[WhiteElo "2102"]
[BlackElo "2521"]
[Result "0-1"]
[PlyCount "100"]
[EventDate "2012.12.16"]

1. d4 Nf6 2. c4 c5 3. d5 d6 4. Nc3 g6 5. Nf3 Bg7 6. e4 O-O 7. h3 e6 8. Be2 Re8
9. O-O exd5 10. exd5 Ne4 11. Nxe4 Rxe4 12. Qc2 Re8 13. Bg5 Qa5 14. Bd3 Na6 15.
a3 Bd7 16. Bd2 Qd8 17. Bc3 Bxc3 18. Qxc3 b5 19. Rfe1 b4 20. Rxe8+ Bxe8 21. Qd2
Qf6 22. a4 b3 23. Ra3 Rb8 24. Qc1 Nb4 25. Bb1 Nc2 26. Bxc2 bxc2 27. Qxc2 Rxb2
28. Qe4 Bd7 29. Re3 a5 30. Qe7 Qxe7 31. Rxe7 Bxa4 32. Ng5 Bb3 33. Nxf7 Bxc4 34.
Nxd6 Bxd5 35. Rc7 c4 36. Rc5 Be6 37. Nxc4 Rc2 38. Rxa5 Rxc4 39. Ra7 h6 40. Re7
Bf5 41. Kh2 Kf8 42. Rh7 Rd4 43. Rb7 Bd7 44. Rb2 Kf7 45. Ra2 Kf6 46. Rb2 Bf5 47.
Re2 Re4 48. Rb2 Rc4 49. f3 h5 50. Re2 Kg5 0-1

[Event "XV Festival A"]
[Site "Padova ITA"]
[Date "2012.12.16"]
[Round "1"]
[White "Sanchez, Joseph"]
[Black "Mosca, Leonildo"]
[WhiteElo "2533"]
[BlackElo "2113"]
[Result "1-0"]
[PlyCount "21"]
[EventDate "2012.12.16"]

1. e4 Nf6 2. Nc3 d5 3. exd5 Nxd5 4. d4 Nxc3 5. bxc3 c5 6. Nf3 e6 7. Rb1 Be7 8.
Bd3 O-O 9. O-O Nc6 10. Qe2 b6 11. Qe4 1-0

[Event "XV Festival A"]
[Site "Padova ITA"]
[Date "2012.12.16"]
[Round "1"]
[White "Shishkin, Vadim"]
[Black "Milazzo, Mario"]
[WhiteElo "2501"]
[BlackElo "2091"]
[Result "1-0"]
[PlyCount "117"]
[EventDate "2012.12.16"]

1. d4 f5 2. Nc3 Nf6 3. Bg5 d5 4. e3 e6 5. Nf3 Be7 6. Be2 Nbd7 7. O-O O-O 8. Na4
h6 9. Bxf6 Bxf6 10. c4 c6 11. Rc1 Kh7 12. cxd5 exd5 13. b4 a6 14. Nb2 Qe7 15.
Qb3 g5 16. Bd3 Bg7 17. Na4 g4 18. Ne1 Kh8 19. g3 Rb8 20. Ng2 Nf6 21. Nh4 Qf7
22. Nxf5 Bxf5 23. Bxf5 Qh5 24. Qc2 Ne8 25. Bg6 Qg5 26. Nc5 Qe7 27. Bf5 Qg5 28.
Bd3 Qe7 29. Be2 h5 30. Qg6 Qf7 31. Bd3 Nf6 32. a4 Qxg6 33. Bxg6 Bh6 34. Bd3 Rf7
35. b5 axb5 36. axb5 cxb5 37. Bxb5 b6 38. Nd3 Ne4 39. Rc6 Rf6 40. Ne5 Rxc6 41.
Bxc6 Nc3 42. Ra1 Bg7 43. Ng6+ Kh7 44. Nf4 b5 45. Nxd5 b4 46. Nxc3 bxc3 47. Rc1
Rb3 48. Bd5 Ra3 49. Kf1 Bf8 50. Ke2 Kh6 51. Kd3 Bb4 52. Rb1 Ba5 53. Kc2 Kg6 54.
Rb7 Kf6 55. Ra7 Ra1 56. e4 Ra3 57. e5+ Kg6 58. e6 Bb4 59. e7 1-0

[Event "XV Festival A"]
[Site "Padova ITA"]
[Date "2012.12.16"]
[Round "1"]
[White "Solodovnichenko, Yuri"]
[Black "Santolini, Luigi"]
[WhiteElo "2557"]
[BlackElo "2144"]
[Result "1/2-1/2"]
[PlyCount "215"]
[EventDate "2012.12.16"]

1. g3 Nf6 2. Bg2 e6 3. e4 d5 4. e5 Nfd7 5. f4 c5 6. Nf3 Nc6 7. O-O Be7 8. d3
Qc7 9. c4 d4 10. Nbd2 b6 11. Ne4 h6 12. f5 exf5 13. Nd6+ Bxd6 14. exd6 Qxd6 15.
Bf4 Qf6 16. Ne5 Ndxe5 17. Bxe5 Nxe5 18. Bxa8 O-O 19. h3 Qg5 20. Kh2 Qe3 21. b3
Qxd3 22. Qxd3 Nxd3 23. Rad1 Ne5 24. Bd5 Kh7 25. Rde1 f6 26. g4 g6 27. Kg3 Kg7
28. gxf5 Bxf5 29. h4 h5 30. Rf2 Rd8 31. Rd2 Rd7 32. Red1 Ng4 33. Re1 Ne3 34.
Bf3 Re7 35. Rc1 Be4 36. Re1 Re5 37. Kf4 Bxf3 38. Kxf3 Nxc4 39. Rde2 Ne3 40. Rd2
g5 41. hxg5 fxg5 42. b4 Kf6 43. bxc5 bxc5 44. Rb1 Kf5 45. a4 g4+ 46. Kg3 Kg5
47. a5 c4 48. a6 Ra5 49. Kh2 d3 50. Re1 Re5 51. Kg1 Kf4 52. Ra1 Ke4 53. Ra4 Kd4
54. Rf2 Rb5 55. Kh2 Kc3 56. Ra3+ Rb3 57. Raa2 d2 58. Raxd2 Nf1+ 59. Rxf1 Kxd2
60. Rf7 Rh3+ 61. Kg2 Ra3 62. Rxa7 c3 63. Rd7+ Kc1 64. a7 h4 65. Kf2 c2 66. Kg2
Kb1 67. Rb7+ Ka1 68. Rc7 Ra2 69. Kg1 Kb2 70. Rb7+ Kc3 71. Rc7+ Kd3 72. Rd7+ Ke4
73. Rc7 Kd3 74. Rd7+ Kc3 75. Rc7+ Kb2 76. Rb7+ Ka1 77. Rc7 Kb1 78. Rb7+ Kc1 79.
Rd7 Ra1 80. Kf2 Ra3 81. Kg2 Kb1 82. Rb7+ Ka2 83. Rc7 Kb2 84. Rb7+ Kc3 85. Rc7+
Kd3 86. Rd7+ Ke4 87. Re7+ Kf5 88. Rf7+ Kg6 89. Rc7 Rxa7 90. Rxc2 Rf7 91. Rc8
Kg5 92. Rg8+ Kf4 93. Ra8 Rf5 94. Rb8 h3+ 95. Kh2 Kg5 96. Rg8+ Kh4 97. Rh8+ Rh5
98. Rg8 Re5 99. Rh8+ Kg5 100. Rg8+ Kf4 101. Rf8+ Rf5 102. Rb8 Rd5 103. Rf8+ Ke4
104. Kg3 Rd1 105. Rf4+ Ke3 106. Rxg4 Rg1+ 107. Kxh3 Rxg4 108. Kxg4 1/2-1/2

[Event "XV Festival A"]
[Site "Padova ITA"]
[Date "2012.12.16"]
[Round "1"]
[White "Solomon, Kenny"]
[Black "Zuttioni, Federico"]
[WhiteElo "2440"]
[BlackElo "2001"]
[Result "0-1"]
[PlyCount "80"]
[EventDate "2012.12.16"]

1. d4 Nf6 2. c4 e6 3. Nf3 Bb4+ 4. Bd2 Qe7 5. g3 Nc6 6. Nc3 Bxc3 7. Bxc3 Ne4 8.
Rc1 O-O 9. Bg2 d6 10. d5 Nxc3 11. Rxc3 Nb8 12. dxe6 fxe6 13. Nd4 c6 14. O-O a5
15. e4 Na6 16. Qd2 e5 17. Ne2 Nc5 18. Rd1 Rf6 19. b3 Bg4 20. f3 Bh5 21. Re3 b6
22. g4 Be8 23. Ng3 Bd7 24. Nf5 Bxf5 25. exf5 Rd8 26. f4 e4 27. Qd4 d5 28. Bxe4
Rfd6 29. Bg2 Qh4 30. Rde1 Ne4 31. cxd5 Qf2+ 32. Kh1 Ng3+ 33. Rxg3 Qxd4 34. dxc6
Qc5 35. Bf3 Rxc6 36. Rg2 Rcd6 37. Rge2 Rd2 38. Kg2 Rxe2+ 39. Rxe2 Qd4 40. Be4
Qc3 0-1

[Event "XV Festival A"]
[Site "Padova ITA"]
[Date "2012.12.16"]
[Round "1"]
[White "Viaggi, Stefano"]
[Black "Lazic, Miroljub"]
[WhiteElo "2042"]
[BlackElo "2471"]
[Result "0-1"]
[PlyCount "84"]
[EventDate "2012.12.16"]

1. d4 d5 2. Bf4 Nf6 3. e3 c5 4. c3 Nc6 5. Nd2 Qb6 6. Qb3 c4 7. Qc2 g6 8. b3 Bf5
9. Qb2 Nh5 10. Bg5 h6 11. Bh4 e5 12. Be2 exd4 13. Bxh5 Nb4 14. Be2 Nc2+ 15. Kd1
d3 16. Bf3 Be6 17. Bf6 Ba3 18. Qb1 O-O 19. Bd4 Qa5 20. bxc4 dxc4 21. Ne4 Nxd4
22. exd4 Bf5 23. Nf6+ Kg7 24. g4 Kxf6 25. Kd2 Bxg4 26. Qxb7 Rab8 27. Qe4 Rfe8
28. Qc6+ Kg7 29. Qxc4 Rb2+ 30. Kd1 Bd7 31. Bc6 Qh5+ 32. Nf3 Rc8 33. Qd5 Bxc6
34. Qxh5 gxh5 35. Rg1+ Kf6 36. Ne5 Rxf2 37. Nxd3 Rxh2 38. Ne5 Bd5 39. Rf1+ Kg7
40. Rg1+ Kh7 41. Nd7 Bf3+ 42. Ke1 Re8+ 0-1

[Event "XV Festival A"]
[Site "Padova ITA"]
[Date "2012.12.17"]
[Round "2"]
[White "Battagin, Mose'"]
[Black "Viaggi, Stefano"]
[WhiteElo "1816"]
[BlackElo "2042"]
[Result "0-1"]
[PlyCount "58"]
[EventDate "2012.12.16"]

1. e4 g6 2. d4 Bg7 3. Nc3 c5 4. d5 e5 5. Nf3 d6 6. Bd3 Ne7 7. O-O O-O 8. Nd2 f5
9. Nc4 f4 10. Be2 Rf6 11. a4 Na6 12. Ra3 Kh8 13. Bd2 Ng8 14. Bg4 Nh6 15. Bxc8
Qxc8 16. Nb5 Qd7 17. Rb3 Nc7 18. f3 g5 19. h3 Nxb5 20. Rxb5 Rg6 21. c3 Rg8 22.
Qb3 g4 23. hxg4 b6 24. a5 bxa5 25. Nxa5 Nxg4 26. Rb7 Qd8 27. fxg4 Qxa5 28. Rb8
Bf8 29. c4 Qxd2 0-1

[Event "XV Festival A"]
[Site "Padova ITA"]
[Date "2012.12.17"]
[Round "2"]
[White "Bonan, Yves"]
[Black "Parrella, Alfredo"]
[WhiteElo "1891"]
[BlackElo "2086"]
[Result "0-1"]
[PlyCount "160"]
[EventDate "2012.12.16"]

1. c4 Nf6 2. Nc3 g6 3. Nf3 Bg7 4. g3 O-O 5. Bg2 d6 6. O-O Nbd7 7. d3 e5 8. Bg5
h6 9. Bxf6 Nxf6 10. Nd2 c6 11. b4 Be6 12. Rb1 Qd7 13. Re1 Bh3 14. Bh1 Ng4 15.
b5 c5 16. e4 h5 17. Bg2 Nf6 18. Nf1 Be6 19. Ne3 Bh6 20. Ned5 Bxd5 21. exd5 Kg7
22. a4 Ng8 23. h4 f5 24. Bh3 Qf7 25. Qe2 Qf6 26. a5 Rf7 27. Na4 Rc8 28. a6 b6
29. Nc3 Rcf8 30. Rf1 Re7 31. Qb2 Kh7 32. Qc2 Kh8 33. Rbe1 Kg7 34. Na4 Rb8 35.
Qb2 Kf7 36. Nc3 Ke8 37. Nd1 Kd7 38. Nc3 Kc7 39. Ne2 Rbe8 40. Rb1 g5 41. hxg5
Qxg5 42. Bg2 h4 43. gxh4 Qxh4 44. Ng3 Bf4 45. Qe2 Rh7 46. Rfd1 Bxg3 47. fxg3
Qxg3 48. Qf3 Qg5 49. Kf2 Nf6 50. Rh1 Reh8 51. Rxh7+ Rxh7 52. Rh1 Rxh1 53. Bxh1
Qh4+ 54. Ke2 f4 55. Bg2 Nh5 56. Qh3 Qxh3 57. Bxh3 Kd8 58. Kf3 Nf6 59. Bf5 Ke7
60. Kg2 Ng8 61. Kh3 Kf6 62. Bh7 Nh6 63. Kh4 Nf7 64. Be4 Nh6 65. Kh5 Nf5 66. Kg4
Ne3+ 67. Kh5 Nd1 68. Bf3 Nf2 69. Be2 Kf5 70. Kh6 Nxd3 71. Bxd3+ e4 72. Bf1 f3
73. Bh3+ Kf4 74. Kg6 e3 75. Kf6 e2 76. Ke7 e1=Q+ 77. Kxd6 Qh1 78. Be6 Qh7 79.
Kc6 Ke5 80. d6 Kxe6 0-1

[Event "XV Festival A"]
[Site "Padova ITA"]
[Date "2012.12.17"]
[Round "2"]
[White "Buchicchio, Giancarlo"]
[Black "Bozzao, Francesco"]
[WhiteElo "2069"]
[BlackElo "1857"]
[Result "1-0"]
[PlyCount "61"]
[EventDate "2012.12.16"]

1. e4 c5 2. d4 cxd4 3. c3 Nf6 4. e5 Nd5 5. Bc4 Qc7 6. Qe2 Nb6 7. Bb3 d3 8. Qe4
Qc6 9. Nd2 Na6 10. Ngf3 Nc5 11. Qd4 e6 12. O-O Nxb3 13. axb3 d5 14. Qxd3 Bd7
15. Nd4 Qc7 16. f4 Bc5 17. N2f3 a6 18. Be3 Rc8 19. Kh1 g6 20. g4 h5 21. f5 hxg4
22. fxe6 gxf3 23. Rxf3 Bxe6 24. Nxe6 Qxe5 25. Nf4 g5 26. Bxc5 gxf4 27. Bxb6 Qh5
28. Rf2 Rc6 29. Bd4 Rh7 30. Re1+ Kf8 31. Qf3 1-0

[Event "XV Festival A"]
[Site "Padova ITA"]
[Date "2012.12.17"]
[Round "2"]
[White "Burmakin, Vladimir"]
[Black "Laketic, Gojko"]
[WhiteElo "2558"]
[BlackElo "2425"]
[Result "1-0"]
[PlyCount "125"]
[EventDate "2012.12.16"]

1. Nf3 c5 2. g3 Nc6 3. d4 cxd4 4. Nxd4 d5 5. Bg2 Nf6 6. c4 e6 7. O-O Bc5 8. Nb3
Be7 9. cxd5 Nxd5 10. Bd2 Bf6 11. Qc1 O-O 12. Nc3 Nxc3 13. Bxc3 e5 14. Qe3 Qb6
15. Qxb6 axb6 16. Nd2 b5 17. a3 Bg4 18. e3 Rfd8 19. h3 Be6 20. Rfc1 Be7 21. b4
f6 22. Kf1 Rac8 23. Ke1 Bd5 24. Bf1 Na7 25. Bb2 Kf7 26. Rxc8 Rxc8 27. Rc1 Rc6
28. Nb1 Rxc1+ 29. Bxc1 Bd8 30. Nc3 Bc6 31. Bd3 Bb6 32. Ke2 g6 33. g4 Ke6 34.
Bd2 Kf7 35. f3 Bd8 36. Be1 Bc7 37. Bf2 Bb6 38. Bg3 Bc7 39. h4 Kg7 40. f4 exf4
41. Bxf4 Be5 42. Bxe5 fxe5 43. g5 h6 44. Kf2 h5 45. Bf1 Kf7 46. Bh3 Ke7 47. Ne2
Kd6 48. Nc1 Bd5 49. Bf1 Bc4 50. Bg2 Bd5 51. Bf1 Bc4 52. Ne2 Nc8 53. Bh3 Ne7 54.
Nc3 Bd3 55. Bg2 b6 56. Bb7 Nf5 57. Bc8 Kc6 58. Be6 Nd6 59. Bd5+ Kd7 60. e4 Kd8
61. Kf3 Kd7 62. Bg8 Kd8 63. Bh7 1-0

[Event "XV Festival A"]
[Site "Padova ITA"]
[Date "2012.12.17"]
[Round "2"]
[White "D'Orta, Antonio"]
[Black "Cardili, Mariano"]
[WhiteElo "1934"]
[BlackElo "2126"]
[Result "0-1"]
[PlyCount "60"]
[EventDate "2012.12.16"]

1. e4 c6 2. c4 d5 3. exd5 cxd5 4. cxd5 Nf6 5. Bb5+ Nbd7 6. Nc3 a6 7. Ba4 b5 8.
Bb3 Nc5 9. d4 Nxb3 10. Qxb3 Bb7 11. a4 Nxd5 12. Nf3 b4 13. Ne4 e6 14. O-O Be7
15. Bd2 O-O 16. Rfc1 a5 17. Nc5 Bxc5 18. Rxc5 Nf6 19. Bg5 Bxf3 20. Qxf3 Qxd4
21. Rac1 Nd5 22. h3 Qxb2 23. R1c4 Qa1+ 24. Bc1 Nc3 25. Kh2 Nd5 26. Bg5 Rab8 27.
Rxa5 b3 28. Rb5 Rxb5 29. axb5 b2 30. Rh4 b1=Q 0-1